Robinson Crusoe ya tiene celular: la conexión como espacio de control de la incertidumbre /

Na minha lista:
Detalhes bibliográficos
Autor principal: Winocur, Rosalía
Formato: Livro
Idioma:Spanish
Publicado em: México: Universidad Autónoma de México ; Siglo XXI, 2009
coleção:Diseño y comunicación
Tags: Adicionar Tag
Sem tags, seja o primeiro a adicionar uma tag!

MARC

LEADER 00000nam a22000007a 4500
003 cru CIDCACS/IIS
005 20171102092011.0
007 ta
008 171101t2009 mx |||||r|||| 00| 0 spa d
999 |c 40537  |d 40537 
020 |a 9786070301193 
040 |c cru CIDCACS/IIS 
090 |a 08.16.03 W776r 
100 1 |9 4566  |a Winocur, Rosalía  
245 1 |a Robinson Crusoe ya tiene celular:  |b la conexión como espacio de control de la incertidumbre /  |c Rosalía Winocur 
260 |a México:  |b Universidad Autónoma de México ;  |b Siglo XXI,  |c 2009 
300 |a 167 páginas:  |b fotos 
440 |9 5817  |a Diseño y comunicación 
942 |2 ddc  |c LI